[Event "Poznan op 26th"]
[Site "Poznan"]
[Date "2018.08.25"]
[Round "8"]
[White "Kus, Aleksander"]
[Black "Zurawski, Kamil"]
[Result "1/2-1/2"]
[WhiteElo "1844"]
[BlackElo "1690"]
[PlyCount "46"]
[EventDate "2018.08.19"]
[EventType "swiss"]
[EventRounds "9"]
[EventCountry "POR"]
[SourceTitle "CBM 186 Extra"]
[Source "ChessBase"]
[SourceDate "2018.08.24"]
[SourceVersion "1"]
[SourceVersionDate "2018.08.24"]
[SourceQuality "1"]

1. e4 c5 2. Nf3 g6 3. d4 cxd4 4. Qxd4 Nf6 5. Nc3 Nc6 6. Qa4 d6 7. e5 dxe5 8. Nxe5 Bd7 9. Nxd7 Qxd7 10. Be3 Bg7 11. Rd1 Qg4 12. Rd4 Qc8 13. Be2 0-0 14. Rh4 Rd8 15. Rh3 Qf5 16. 0-0 a6 17. f3 b5 18. Qh4 Qh5 19. Qg3 Qe5 20. f4 Qf5 21. Bd3 Qg4 22. Qf2 Nb4 23. Be2 Qf5 1/2-1/2

[Event "EU-ch blitz"]
[Site "Katowice"]
[Date "2017.12.15"]
[Round "1"]
[White "Jahncke, Giso"]
[Black "Kus, Aleksander"]
[Result "0-1"]
[WhiteElo "2403"]
[BlackElo "2154"]
[PlyCount "98"]
[EventDate "2017.12.15"]
[EventType "swiss (blitz)"]
[EventRounds "22"]
[EventCountry "POL"]
[SourceTitle "CBM 182 Extra"]
[Source "ChessBase"]
[SourceDate "2018.02.23"]
[SourceVersion "1"]
[SourceVersionDate "2018.02.23"]
[SourceQuality "1"]

1. e4 d5 2. exd5 Nf6 3. d4 Bg4 4. Be2 Bxe2 5. Nxe2 Qxd5 6. 0-0 e6 7. b3 Be7 8. Bb2 0-0 9. c4 Qd8 10. Nbc3 c6 11. Qc2 Nbd7 12. Rad1 Qa5 13. a3 Rac8 14. b4 Qh5 15. Nf4 Qh4 16. Nd3 Nb6 17. Ne2 Nbd7 18. Ne5 Rfd8 19. h3 Nxe5 20. dxe5 Nd7 21. f4 Nb6 22. Kh2 Qh5 23. Ng3 Qg6 24. Qe2 Na4 25. Ba1 a6 26. Ne4 b5 27. c5 Rd5 28. Nc3 Nxc3 29. Bxc3 Rcd8 30. Rxd5 Rxd5 31. Rd1 Qf5 32. Rxd5 exd5 33. Qe3 h5 34. Bd4 h4 35. Qf3 g6 36. Kg1 Qb1+ 37. Kh2 Qa2 38. Qg4 Qd2 39. Ba1 Qe1 40. Bb2 Qe4 41. Qf3 Qxf3 42. gxf3 Kf8 43. Kg2 Ke8 44. Kf2 Kd7 45. Ke3 Ke6 46. Bc1 Kf5 47. Bb2 Bf8 48. Bc1 Bh6 49. Kd4 Bxf4 0-1

[Event "Poznan op 25th"]
[Site "Poznan"]
[Date "2017.08.22"]
[Round "4"]
[White "Kus, Aleksander"]
[Black "Schmidt, Wlodzimierz"]
[Result "1/2-1/2"]
[WhiteElo "2012"]
[BlackElo "2272"]
[PlyCount "49"]
[EventDate "2017.08.20"]
[EventType "swiss"]
[EventRounds "9"]
[EventCountry "POL"]
[SourceTitle "CBM 180 Extra"]
[Source "ChessBase"]
[SourceDate "2017.10.06"]
[SourceVersion "1"]
[SourceVersionDate "2017.10.06"]
[SourceQuality "1"]

1. e4 c5 2. Nf3 e6 3. d4 cxd4 4. Nxd4 Nc6 5. Nc3 Qc7 6. Be2 a6 7. 0-0 Nf6 8. Be3 d6 9. f4 Be7 10. Qe1 0-0 11. Rd1 Nxd4 12. Bxd4 b5 13. e5 dxe5 14. fxe5 Nd7 15. Ne4 Bb7 16. Nf6+ Kh8 17. Bd3 Bc5 18. Bxh7 Bxd4+ 19. Rxd4 Qxe5 20. Qh4 Qe3+ 21. Kh1 Nxf6 22. Bd3+ Qh6 23. Rxf6 Qxh4 24. Rxh4+ Kg8 25. Bh7+ 1/2-1/2

[Event "Poznan op 25th"]
[Site "Poznan"]
[Date "2017.08.20"]
[Round "1"]
[White "Wojciechowski, Antoni"]
[Black "Kus, Aleksander"]
[Result "0-1"]
[WhiteElo "1581"]
[BlackElo "2012"]
[PlyCount "72"]
[EventDate "2017.08.20"]
[EventType "swiss"]
[EventRounds "9"]
[EventCountry "POL"]
[SourceTitle "CBM 180 Extra"]
[Source "ChessBase"]
[SourceDate "2017.10.06"]
[SourceVersion "1"]
[SourceVersionDate "2017.10.06"]
[SourceQuality "1"]

1. Nf3 Nf6 2. g3 g6 3. Bg2 Bg7 4. 0-0 0-0 5. d3 d6 6. Nbd2 a6 7. c3 c6 8. e4 e5 9. a4 Qc7 10. Nc4 Be6 11. Ne3 h6 12. Nc2 Nbd7 13. a5 Nc5 14. Be3 Ng4 15. b4 Nxe3 16. fxe3 Nd7 17. Rc1 d5 18. Nd2 Nf6 19. d4 Rfe8 20. Ne1 exd4 21. exd4 dxe4 22. Nxe4 Nd5 23. Qf3 Bf5 24. Nc5 Re3 25. Qf2 Rxc3 26. Rxc3 Nxc3 27. Nf3 Rd8 28. Qe3 Nb5 29. Rd1 Bg4 30. Qf4 Qxf4 31. gxf4 Bxf3 32. Bxf3 Rxd4 33. Rxd4 Bxd4+ 34. Kg2 Bxc5 35. bxc5 Nd4 36. Bg4 Nb3 0-1

[Event "POL-chT U20 2nd League"]
[Site "Szczyrk"]
[Date "2017.07.26"]
[Round "7.66"]
[White "Majocha, Piotr"]
[Black "Kus, Aleksander"]
[Result "1/2-1/2"]
[WhiteElo "1889"]
[BlackElo "1894"]
[PlyCount "93"]
[EventDate "2017.07.22"]
[EventType "team-swiss"]
[EventRounds "11"]
[EventCountry "POL"]
[SourceTitle "EXT 2019"]
[Source "ChessBase"]
[SourceDate "2018.10.10"]
[SourceVersion "1"]
[SourceVersionDate "2018.10.10"]
[SourceQuality "1"]

1. c4 Nf6 2. g3 g6 3. Bg2 Bg7 4. Nc3 0-0 5. Nf3 d6 6. 0-0 a6 7. d3 c6 8. Rb1 b5 9. cxb5 axb5 10. a3 Bb7 11. Bd2 Nbd7 12. Qc1 Qb6 13. Be3 Qa6 14. Bh6 Rfc8 15. Bxg7 Kxg7 16. Qe3 c5 17. Ng5 h6 18. Nge4 e6 19. Nxf6 Nxf6 20. Ne4 Nxe4 21. Bxe4 d5 22. Bf3 Qd6 23. Qd2 Rc7 24. Rfc1 Rac8 25. Rc2 d4 26. Bxb7 Rxb7 27. Rbc1 Qd5 28. Qa5 c4 29. dxc4 Rxc4 30. Qd2 Rbc7 31. b3 Rxc2 32. Rxc2 Rd7 33. Qb4 Rd8 34. Rc5 Qe4 35. Qxb5 Qb1+ 36. Kg2 d3 37. exd3 Rxd3 38. Rc8 Rd5 39. Qc4 Qf5 40. Qc3+ e5 41. a4 Rd3 42. Qc6 e4 43. Qe8 Qf3+ 44. Kh3 Qf5+ 45. Kg2 Qf3+ 46. Kh3 Qf5+ 47. Kg2 1/2-1/2

[Event "POL-chT U20 2nd League"]
[Site "Szczyrk"]
[Date "2017.07.22"]
[Round "1.31"]
[White "Brozyna, Mateusz"]
[Black "Kus, Aleksander"]
[Result "1-0"]
[WhiteElo "2110"]
[BlackElo "1894"]
[PlyCount "69"]
[EventDate "2017.07.22"]
[EventType "team-swiss"]
[EventRounds "11"]
[EventCountry "POL"]
[SourceTitle "EXT 2019"]
[Source "ChessBase"]
[SourceDate "2018.10.10"]
[SourceVersion "1"]
[SourceVersionDate "2018.10.10"]
[SourceQuality "1"]

1. Nf3 Nf6 2. d4 g6 3. Bf4 Bg7 4. e3 0-0 5. h3 d6 6. Be2 c5 7. c3 a6 8. 0-0 Nbd7 9. a4 b6 10. Nbd2 Bb7 11. Qb3 Ra7 12. Rfd1 Qa8 13. Bh2 h6 14. c4 cxd4 15. exd4 d5 16. Rac1 dxc4 17. Bxc4 Bd5 18. Ne5 e6 19. Ndf3 Bxc4 20. Qxc4 Nd5 21. Nc6 Rb7 22. Bd6 Rc8 23. Qxd5 exd5 24. Ne7+ Kh7 25. Rxc8 Nb8 26. Nc6 Rd7 27. Nfe5 Bxe5 28. Bxe5 f6 29. Bxf6 g5 30. Ne5 Rg7 31. Bxg7 Kxg7 32. Rdc1 a5 33. R1c7+ Kf6 34. Rxb8 Qa6 35. Rxb6+ 1-0

[Event "Krakow op-B 27th"]
[Site "Krakow"]
[Date "2016.12.29"]
[Round "3"]
[White "Shpanko, Nadiia"]
[Black "Kus, Aleksander"]
[Result "1-0"]
[WhiteElo "2018"]
[BlackElo "1900"]
[PlyCount "95"]
[EventDate "2016.12.27"]
[EventType "swiss"]
[EventRounds "9"]
[EventCountry "POL"]
[SourceTitle "CBM 176 Extra"]
[Source "ChessBase"]
[SourceDate "2017.03.02"]
[SourceVersion "1"]
[SourceVersionDate "2017.03.02"]
[SourceQuality "1"]

1. e4 c5 2. Nf3 d6 3. d4 cxd4 4. Nxd4 Nf6 5. Nc3 a6 6. h3 e5 7. Nde2 h5 8. g3 Be6 9. Bg2 Be7 10. 0-0 Nbd7 11. Be3 Rc8 12. Qd2 Qc7 13. a4 Nb6 14. b3 0-0 15. f4 d5 16. exd5 Rfd8 17. Bxb6 Qxb6+ 18. Kh2 Bb4 19. fxe5 Nxd5 20. Bxd5 Qa5 21. Qf4 Bxd5 22. Nxd5 Qxd5 23. c4 Qe6 24. Nd4 Qg6 25. Rad1 Bc5 26. Nf5 Rxd1 27. Rxd1 Bb4 28. Rd5 b5 29. axb5 axb5 30. Rxb5 Bf8 31. g4 Ra8 32. g5 h4 33. Nxh4 Qb1 34. Rb7 Ra2+ 35. Ng2 Qg6 36. Kg3 f6 37. Ne3 Qd3 38. gxf6 Re2 39. f7+ Kh7 40. Qh4+ Kg6 41. Qg4+ Kh6 42. Qf4+ g5 43. Qf6+ Kh5 44. Qh8+ Kg6 45. Qf6+ Kh5 46. Qf3+ Kg6 47. Rb6+ Kg7 48. Nf5+ 1-0

[Event "Krakow op-B 27th"]
[Site "Krakow"]
[Date "2016.12.28"]
[Round "2"]
[White "Kus, Aleksander"]
[Black "Bakalarz, Leszek"]
[Result "1-0"]
[WhiteElo "1900"]
[BlackElo "2004"]
[PlyCount "61"]
[EventDate "2016.12.27"]
[EventType "swiss"]
[EventRounds "9"]
[EventCountry "POL"]
[SourceTitle "CBM 176 Extra"]
[Source "ChessBase"]
[SourceDate "2017.03.02"]
[SourceVersion "1"]
[SourceVersionDate "2017.03.02"]
[SourceQuality "1"]

1. e4 c5 2. Nf3 d6 3. d4 cxd4 4. Nxd4 Nf6 5. Nc3 g6 6. f4 Nc6 7. Nxc6 bxc6 8. e5 Nd7 9. exd6 exd6 10. Be3 Be7 11. Qd2 0-0 12. 0-0-0 Nf6 13. h3 Be6 14. g4 Qa5 15. f5 gxf5 16. Bd3 Kh8 17. Rdf1 Nd5 18. gxf5 Nxc3 19. Bd4+ f6 20. Bxc3 Qxa2 21. Qe2 Rg8 22. fxe6 Raf8 23. Rh2 d5 24. Rhf2 c5 25. Qh5 Rg7 26. Rxf6 Rfg8 27. Rf7 Bg5+ 28. Qxg5 d4 29. Rxg7 Qa1+ 30. Kd2 dxc3+ 31. bxc3 1-0

[Event "Poznan op 24th"]
[Site "Poznan"]
[Date "2016.08.10"]
[Round "3"]
[White "Kus, Aleksander"]
[Black "Adamczyk, Wieslaw"]
[Result "1-0"]
[WhiteElo "1788"]
[BlackElo "1520"]
[PlyCount "67"]
[EventDate "2016.08.08"]
[EventType "swiss"]
[EventRounds "9"]
[EventCountry "POL"]
[SourceTitle "CBM 173 Extra"]
[Source "ChessBase"]
[SourceDate "2016.08.29"]
[SourceVersion "1"]
[SourceVersionDate "2016.08.29"]
[SourceQuality "1"]

1. e4 c6 2. d4 d5 3. Nc3 b5 4. exd5 b4 5. Nce2 cxd5 6. Nf4 e6 7. Nf3 Nd7 8. Be2 Bd6 9. 0-0 Qc7 10. Nd3 Ba6 11. Bd2 Qb6 12. Re1 Ngf6 13. Nde5 Ne4 14. Nxd7 Kxd7 15. Bxa6 Qxa6 16. Ne5+ Bxe5 17. dxe5 Nxd2 18. Qxd2 Qc4 19. a3 a5 20. axb4 Qxb4 21. c3 Qc4 22. Qc2 a4 23. Ra3 d4 24. Rd1 Rhc8 25. Qe4 Qb5 26. Rxd4+ Ke7 27. Rb4 Qc5 28. Rb7+ Rc7 29. Rxc7+ Qxc7 30. Qxa8 Qxe5 31. Qa7+ Kd8 32. Qb6+ Ke7 33. Qb4+ Kf6 34. Qd4 1-0

[Event "POL-chT U19 2nd League"]
[Site "Iwonicz"]
[Date "2016.07.31"]
[Round "3.74"]
[White "Kus, Aleksander"]
[Black "Tustanowski, Mateusz"]
[Result "0-1"]
[WhiteElo "1818"]
[BlackElo "1957"]
[PlyCount "58"]
[EventDate "2016.07.23"]
[EventType "team-swiss"]
[EventRounds "11"]
[EventCountry "POL"]
[SourceTitle "EXT 2019"]
[Source "ChessBase"]
[SourceDate "2018.10.10"]
[SourceVersion "1"]
[SourceVersionDate "2018.10.10"]
[SourceQuality "1"]
[WhiteTeam "Poznan UMKS Na Pieterku U19"]
[BlackTeam "Gliwice Politechnika Slaska U19"]
[WhiteTeamCountry "POL"]
[BlackTeamCountry "POL"]

1. e4 e5 2. Nf3 Nc6 3. Bb5 Bc5 4. Qe2 Nd4 5. Nxd4 Bxd4 6. c3 Bb6 7. 0-0 c6 8. Bc4 Nf6 9. Rd1 0-0 10. d4 exd4 11. e5 d5 12. exf6 Re8 13. Qf3 dxc4 14. fxg7 d3 15. Be3 Bxe3 16. fxe3 Qb6 17. Nd2 Rxe3 18. Qf2 Be6 19. b3 cxb3 20. axb3 Re8 21. Nf3 Bg4 22. Ng5 Qxb3 23. Rdb1 Qd5 24. Rxb7 d2 25. h4 Re1+ 26. Kh2 Qd6+ 27. g3 R1e2 28. Nxf7 Rxf2+ 29. Kg1 Qxg3+ 0-1

[Event "POL-chT U19 Wielkopolskie"]
[Site "Poland"]
[Date "2016.04.03"]
[Round "8.7"]
[White "Kus, Aleksander"]
[Black "Raczynski, Krzysztof"]
[Result "0-1"]
[WhiteElo "1873"]
[BlackElo "2088"]
[PlyCount "74"]
[EventDate "2016.02.13"]
[EventType "team-tourn"]
[EventRounds "9"]
[EventCountry "POL"]
[SourceTitle "EXT 2019"]
[Source "ChessBase"]
[SourceDate "2018.10.10"]
[SourceVersion "1"]
[SourceVersionDate "2018.10.10"]
[SourceQuality "1"]

1. e4 c5 2. Nf3 d6 3. d4 cxd4 4. Nxd4 Nf6 5. Nc3 a6 6. Be3 e6 7. f3 b5 8. Qd2 Nbd7 9. a4 b4 10. Na2 d5 11. exd5 Nxd5 12. Bf2 Bb7 13. Bd3 Bd6 14. 0-0 Qc7 15. g3 0-0 16. Rfd1 Rfd8 17. Nc1 Ne5 18. Be2 Nc4 19. Bxc4 Qxc4 20. Ncb3 Qc7 21. Qe2 g6 22. Qd2 Rac8 23. Rac1 e5 24. Ne2 Nb6 25. Bxb6 Qxb6+ 26. Kg2 e4 27. Nbd4 exf3+ 28. Nxf3 Bxg3 29. Qxd8+ Rxd8 30. Rxd8+ Qxd8 31. Kxg3 Qd6+ 32. Kf2 Qf6 33. Neg1 Qxb2 34. Ne2 Bxf3 35. Kxf3 Qa3+ 36. c3 b3 37. Rb1 b2 0-1

[Event "POL-chT U19 Wielkopolskie"]
[Site "Poland"]
[Date "2016.04.02"]
[Round "6.13"]
[White "Kus, Aleksander"]
[Black "Ciesinska, Weronika"]
[Result "0-1"]
[WhiteElo "1873"]
[BlackElo "1697"]
[PlyCount "102"]
[EventDate "2016.02.13"]
[EventType "team-tourn"]
[EventRounds "9"]
[EventCountry "POL"]
[SourceTitle "EXT 2019"]
[Source "ChessBase"]
[SourceDate "2018.10.10"]
[SourceVersion "1"]
[SourceVersionDate "2018.10.10"]
[SourceQuality "1"]

1. e4 c5 2. Nf3 d6 3. d4 cxd4 4. Nxd4 Nf6 5. Nc3 g6 6. Be3 Bg7 7. f3 0-0 8. Qd2 Nc6 9. 0-0-0 d5 10. Nxc6 bxc6 11. exd5 Nxd5 12. Nxd5 cxd5 13. Bh6 e6 14. h4 Qf6 15. Bxg7 Qxg7 16. Kb1 a5 17. h5 Bd7 18. hxg6 fxg6 19. Bd3 Rfb8 20. c3 a4 21. Rh6 a3 22. b3 Ba4 23. Bc2 Rb7 24. Rdh1 Qf6 25. R1h4 Be8 26. f4 Rc8 27. Rh3 Rbc7 28. f5 exf5 29. Qxd5+ Bf7 30. Qd2 Rxc3 31. Rxc3 Qxc3 32. Qxc3 Rxc3 33. Rh4 Be8 34. Rb4 Bc6 35. Rb8+ Kg7 36. Rc8 Re3 37. Bxf5 Bxg2 38. Rc7+ Kh6 39. Bc8 Re1+ 40. Kc2 Ra1 41. b4 Rxa2+ 42. Kb3 Bd5+ 43. Kc3 Ra1 44. Kc2 a2 45. Ra7 Rb1 46. Bb7 Bxb7 47. Rxa2 Rxb4 48. Kd3 Rh4 49. Ke3 Rh3+ 50. Kf4 g5+ 51. Kg4 Bc8# 0-1

[Event "POL-ch U16"]
[Site "Szklarska Poreba"]
[Date "2016.03.19"]
[Round "8"]
[White "Klementowski, Dawid"]
[Black "Kus, Aleksander"]
[Result "1-0"]
[WhiteElo "1904"]
[BlackElo "1761"]
[PlyCount "87"]
[EventDate "2016.03.13"]
[EventType "swiss"]
[EventRounds "9"]
[EventCountry "POL"]
[SourceTitle "EXT 2018"]
[Source "ChessBase"]
[SourceDate "2017.10.13"]
[SourceVersion "1"]
[SourceVersionDate "2017.10.13"]
[SourceQuality "1"]

1. e4 e5 2. Nf3 Nc6 3. d4 exd4 4. Nxd4 Bc5 5. Be3 Qf6 6. Nb5 Bxe3 7. fxe3 Qh4+ 8. g3 Qd8 9. Qg4 g6 10. Qf4 d6 11. Bc4 Ne5 12. 0-0 Qd7 13. b3 a6 14. Nd4 c6 15. a4 Qe7 16. Kg2 h5 17. h4 Nh6 18. Nd2 Nhg4 19. b4 f6 20. Rfe1 c5 21. bxc5 dxc5 22. N4b3 g5 23. Qf1 Bd7 24. Bd5 gxh4 25. gxh4 Qg7 26. Kh1 Ng6 27. Nxc5 Nxh4 28. Nxb7 Ra7 29. Nd6+ Ke7 30. N2c4 Ne5 31. Nxe5 fxe5 32. Qf7+ Qxf7 33. Nxf7 Rc8 34. c4 Nf3 35. Rf1 Bg4 36. Nh6 Rh8 37. Nf5+ Kf6 38. Nh4 Kg5 39. Nxf3+ Bxf3+ 40. Rxf3 Rb8 41. Rg1+ Kh6 42. Rf6+ Kh7 43. Rf5 Kh6 44. Bf7 1-0

[Event "POL-ch U16"]
[Site "Szklarska Poreba"]
[Date "2016.03.17"]
[Round "6"]
[White "Kus, Aleksander"]
[Black "Lukasiewicz, Krzysztof"]
[Result "1-0"]
[WhiteElo "1761"]
[BlackElo "2114"]
[PlyCount "61"]
[EventDate "2016.03.13"]
[EventType "swiss"]
[EventRounds "9"]
[EventCountry "POL"]
[SourceTitle "EXT 2018"]
[Source "ChessBase"]
[SourceDate "2017.10.13"]
[SourceVersion "1"]
[SourceVersionDate "2017.10.13"]
[SourceQuality "1"]

1. e4 c6 2. d4 d5 3. Nc3 dxe4 4. Nxe4 Nd7 5. Ng5 Ngf6 6. Bd3 e6 7. Qe2 Bd6 8. N1f3 h6 9. Ne4 Nxe4 10. Qxe4 Qc7 11. Qg4 Kf8 12. 0-0 b6 13. Qh4 Kg8 14. Re1 Bb7 15. Bd2 Nf6 16. Ne5 c5 17. Nc4 cxd4 18. Nxd6 Qxd6 19. Bf4 Qd5 20. Qh3 Rd8 21. Be5 Qd7 22. Rad1 Qa4 23. Qh4 g5 24. Qh3 Kg7 25. Qg3 Rd5 26. h4 Rxe5 27. Qxe5 g4 28. Be4 Bxe4 29. Rxe4 Qxc2 30. Rdxd4 Qc1+ 31. Re1 1-0

[Event "POL-chT3 Wielkopolskie 1516"]
[Site "Poland"]
[Date "2016.02.07"]
[Round "5.10"]
[White "Kus, Aleksander"]
[Black "Nowak, Mikolaj"]
[Result "0-1"]
[WhiteElo "1732"]
[BlackElo "1989"]
[PlyCount "88"]
[EventDate "2016.01.10"]
[EventType "team-tourn"]
[EventRounds "11"]
[EventCountry "POL"]
[SourceTitle "EXT 2019"]
[Source "ChessBase"]
[SourceDate "2018.10.10"]
[SourceVersion "1"]
[SourceVersionDate "2018.10.10"]
[SourceQuality "1"]

1. e4 d6 2. d4 Nf6 3. Nc3 g6 4. f4 Bg7 5. Nf3 0-0 6. h3 Nbd7 7. Be3 a6 8. Qd2 b5 9. e5 Ne8 10. 0-0-0 c6 11. g4 Nb6 12. Bd3 b4 13. Nb1 a5 14. f5 Ba6 15. Bxa6 Rxa6 16. Bh6 Nc7 17. Bxg7 Kxg7 18. Qe2 a4 19. Qe4 d5 20. Qe2 b3 21. cxb3 axb3 22. axb3 Qa8 23. f6+ exf6 24. exf6+ Kh8 25. Qe3 Ne6 26. h4 Qd8 27. g5 h5 28. Ne5 Qc8 29. Rhe1 Nd8 30. Nc3 Ra7 31. Qd3 Kh7 32. Kc2 Nd7 33. Nf3 Ne6 34. Ng1 Qb8 35. Nh3 Rb7 36. Na4 Rb4 37. Qc3 c5 38. dxc5 d4 39. Qf3 Ndxc5 40. Nxc5 Nxc5 41. Qd5 d3+ 42. Kb1 Rxb3 43. Rd2 Na4 44. Re7 Nc3+ 0-1